| 000 | 00506nam a2200133Ia 4500 | ||
|---|---|---|---|
| 008 | 220217s9999 xx 000 0 und d | ||
| 100 | _aAmith Abraham | ||
| 245 | 0 | _aEndophytic bacteria as potential biocontrol agents against major pathogens and their growth promotion in rubber (Hevea brasiliensis) | |
| 260 |
_bMahatma Gandhi University _a Kottayam _c2007 |
||
| 500 | _aAvailable in Pathology division | ||
| 500 | _aCourse: M.Phil | ||
| 700 | _aDr Shaji Philip and Dr Kochuthresiamma Joseph | ||
| 942 | _cTS | ||
| 999 |
_c74631 _d74631 |
||